[Event "Arvier Amatori op 6th"]
[Site "Arvier"]
[Date "2016.01.05"]
[Round "4"]
[White "Gotti, Marco"]
[Black "Giachino, Adriano"]
[Result "1-0"]
[WhiteElo "1723"]
[BlackElo "1544"]
[PlyCount "77"]
[EventDate "2016.01.03"]
[EventType "swiss"]
[EventRounds "5"]
[EventCountry "ITA"]
[SourceTitle "EXT 2017"]
[Source "ChessBase"]
[SourceDate "2016.10.25"]
[SourceVersion "1"]
[SourceVersionDate "2016.10.25"]
[SourceQuality "1"]

1. e4 c5 2. Nf3 Nc6 3. b3 d6 4. Bb2 Nf6 5. d3 e5 6. Be2 Be7 7. 0-0 0-0 8. a4 b6 9. Nbd2 Qc7 10. Nc4 Be6 11. Qd2 Rad8 12. h3 h6 13. Rfe1 Bxc4 14. bxc4 Rfe8 15. Nh2 Bf8 16. Nf1 Qc8 17. Ne3 Ne7 18. Kh2 Qc6 19. Bc3 Ng6 20. g3 Nh7 21. Bf1 Be7 22. h4 Nf6 23. Bh3 Rf8 24. Qe2 Nd7 25. Nd5 Rde8 26. Bf5 Bxh4 27. gxh4 Nxh4 28. Bh3 f5 29. Qh5 g5 30. Bxf5 Nxf5 31. exf5 Nf6 32. Qg6+ Kh8 33. Nxf6 Rxf6 34. Qxf6+ Kg8 35. Qg6+ Kf8 36. Qxh6+ Ke7 37. Re4 Kd8 38. Qf6+ Re7 39. Bxe5 1-0

[Event "Ivrea Eporediese op 32nd"]
[Site "Ivrea"]
[Date "2015.02.12"]
[Round "3"]
[White "Bellafiore, Enzo"]
[Black "Giachino, Adriano"]
[Result "1/2-1/2"]
[WhiteElo "1760"]
[BlackElo "1550"]
[PlyCount "67"]
[EventDate "2015.02.05"]
[EventType "swiss"]
[EventRounds "9"]
[EventCountry "ITA"]
[SourceTitle "EXT 2017"]
[Source "ChessBase"]
[SourceDate "2016.10.25"]
[SourceVersion "1"]
[SourceVersionDate "2016.10.25"]
[SourceQuality "1"]

1. e4 c5 2. Nf3 Nc6 3. c3 e6 4. d4 cxd4 5. cxd4 d5 6. Nc3 Bb4 7. Bd3 Nge7 8. Bd2 Ng6 9. 0-0 0-0 10. a3 Ba5 11. Re1 a6 12. e5 Bb6 13. Ne2 h6 14. g3 f6 15. Bxg6 fxe5 16. Nxe5 Nxe5 17. dxe5 Bxf2+ 18. Kg2 Bxe1 19. Qxe1 b5 20. Bb4 Bb7 21. Bxf8 d4+ 22. Kh3 Qxf8 23. Nxd4 Qe7 24. Be4 Bd5 25. Nf5 Qg5 26. Bxd5 Qxf5+ 27. Kg2 exd5 28. Rd1 Rd8 29. e6 Re8 30. e7 Kf7 31. Qc3 Qe4+ 32. Qf3+ Qxf3+ 33. Kxf3 Rxe7 34. Rxd5 1/2-1/2

[Event "Ivrea Autumn Cup 24th"]
[Site "Ivrea"]
[Date "2013.11.21"]
[Round "7"]
[White "Giachino, Adriano"]
[Black "Grosso, Giacomo"]
[Result "0-1"]
[WhiteElo "1605"]
[BlackElo "1282"]
[PlyCount "74"]
[EventDate "2013.10.10"]
[EventType "swiss"]
[EventRounds "9"]
[EventCountry "ITA"]
[SourceTitle "EXT 2017"]
[Source "ChessBase"]
[SourceDate "2016.10.25"]
[SourceVersion "1"]
[SourceVersionDate "2016.10.25"]
[SourceQuality "1"]

1. e4 c5 2. Nf3 d6 3. d4 cxd4 4. Nxd4 Nf6 5. Nc3 a6 6. Be2 e5 7. Nb3 Be7 8. Bg5 0-0 9. Qd2 Nbd7 10. h4 b5 11. a3 Bb7 12. Qe3 Re8 13. Rh3 Qb6 14. Qg3 Kh8 15. 0-0-0 Bxe4 16. f4 exf4 17. Bxf4 d5 18. Nd4 Bc5 19. Be3 Rec8 20. Bf3 Bxf3 21. gxf3 Qc7 22. Bf4 Qb6 23. Rg1 g6 24. Be5 Bxd4 25. Nxd5 Qc5 26. Bxf6+ Bxf6 27. Nc3 Bxc3 28. bxc3 Qxa3+ 29. Kd1 Qa1+ 30. Ke2 Qxc3 31. Rh2 Qxc2+ 32. Kf1 Qd3+ 33. Kg2 Rc2+ 34. Kh3 Rxh2+ 35. Kxh2 b4 36. Qg4 b3 37. Rg2 Rb8 0-1

[Event "Ivrea Autumn Cup 24th"]
[Site "Ivrea"]
[Date "2013.10.24"]
[Round "3"]
[White "Bogatto, Mario"]
[Black "Giachino, Adriano"]
[Result "1-0"]
[WhiteElo "1423"]
[BlackElo "1605"]
[PlyCount "99"]
[EventDate "2013.10.10"]
[EventType "swiss"]
[EventRounds "9"]
[EventCountry "ITA"]
[SourceTitle "EXT 2017"]
[Source "ChessBase"]
[SourceDate "2016.10.25"]
[SourceVersion "1"]
[SourceVersionDate "2016.10.25"]
[SourceQuality "1"]

1. e4 c5 2. Ne2 d5 3. exd5 Qxd5 4. Nbc3 Qd8 5. d4 Nc6 6. d5 Nb4 7. a3 Na6 8. Ng3 Nf6 9. Bxa6 bxa6 10. 0-0 g6 11. h3 Bg7 12. Be3 Qc7 13. Qd2 h6 14. Rfd1 Bb7 15. d6 exd6 16. Qxd6 Qxd6 17. Rxd6 0-0 18. Rad1 Rac8 19. Na4 c4 20. Nc5 Ne8 21. Rd8 Rxd8 22. Rxd8 Bc6 23. Nxa6 Bf6 24. Rb8 Be5 25. Rb4 Nd6 26. f4 Bf6 27. c3 Re8 28. Rb8 Bd8 29. Bd4 Nb7 30. Be5 f6 31. Bc7 Kf7 32. Bxd8 Nxd8 33. Kf2 Ke7 34. Nb4 Bb7 35. a4 Kd7 36. a5 Kc7 37. Rxb7+ Nxb7 38. Nd5+ Kd6 39. Nxf6 Re6 40. Nfe4+ Kd5 41. Nd2 Nxa5 42. Ngf1 Rb6 43. Ne3+ Kc5 44. Nd1 Nc6 45. g3 a5 46. g4 a4 47. h4 Ne7 48. h5 gxh5 49. gxh5 Rf6 50. Ne4+ 1-0

[Event "Ivrea Autumn Cup 24th"]
[Site "Ivrea"]
[Date "2013.10.12"]
[Round "2"]
[White "Giachino, Adriano"]
[Black "Gennaro, Isabella"]
[Result "0-1"]
[WhiteElo "1605"]
[BlackElo "1734"]
[PlyCount "74"]
[EventDate "2013.10.10"]
[EventType "swiss"]
[EventRounds "9"]
[EventCountry "ITA"]
[SourceTitle "EXT 2017"]
[Source "ChessBase"]
[SourceDate "2016.10.25"]
[SourceVersion "1"]
[SourceVersionDate "2016.10.25"]
[SourceQuality "1"]

1. e4 c5 2. Nf3 Nc6 3. d4 cxd4 4. Nxd4 Nf6 5. Nc3 e5 6. Nb3 Bb4 7. Bg5 h6 8. Bxf6 Qxf6 9. Qd2 Nd4 10. a3 Nxb3 11. cxb3 Ba5 12. b4 Bd8 13. Nd5 Qg6 14. Qc2 0-0 15. g3 d6 16. Bg2 f5 17. 0-0 f4 18. Qc4 Be6 19. Qd3 Kh8 20. Nc3 Be7 21. Nb5 a6 22. Nc7 Rac8 23. Nxe6 Qxe6 24. Kh1 Qc4 25. Qf3 fxg3 26. Qxg3 Rf4 27. Rg1 Bh4 28. Qg6 Rf6 29. Qg4 Bxf2 30. Bf1 Qg8 31. Rg2 Be3 32. Re1 Bg5 33. Rg3 Rf4 34. Qh3 Bh4 35. Ree3 Bxg3 36. Rxg3 Qf8 37. Rg1 Rc1 0-1

[Event "Ivrea Eporediese op 30th"]
[Site "Ivrea"]
[Date "2013.01.19"]
[Round "1"]
[White "Giachino, Adriano"]
[Black "Ranieri, Fabrizio"]
[Result "0-1"]
[WhiteElo "1624"]
[BlackElo "2304"]
[PlyCount "42"]
[EventDate "2013.01.19"]
[EventType "swiss"]
[EventRounds "9"]
[EventCountry "ITA"]
[SourceTitle "EXT 2014"]
[Source "ChessBase"]
[SourceDate "2013.11.20"]
[SourceVersion "1"]
[SourceVersionDate "2013.11.20"]
[SourceQuality "1"]

1. e4 e6 2. d4 d5 3. Nc3 Nf6 4. Bg5 Be7 5. Nf3 Nxe4 6. Bxe7 Qxe7 7. Nxe4 dxe4 8. Ne5 Qb4+ 9. c3 Qxb2 10. Rc1 Qa3 11. Bc4 Nd7 12. Bxe6 fxe6 13. Qh5+ g6 14. Qg5 Nxe5 15. dxe5 0-0 16. 0-0 Bd7 17. Rfe1 Qxa2 18. Rf1 Bb5 19. c4 Bxc4 20. Rfe1 Qxf2+ 21. Kh1 Rf5 0-1

[Event "Ivrea Autumn Cup 23rd"]
[Site "Ivrea"]
[Date "2012.10.27"]
[Round "5"]
[White "Tricerri, Pierino"]
[Black "Giachino, Adriano"]
[Result "1-0"]
[WhiteElo "1496"]
[BlackElo "1624"]
[PlyCount "73"]
[EventDate "2012.09.22"]
[EventType "swiss"]
[EventRounds "9"]
[EventCountry "ITA"]
[SourceTitle "EXT 2014"]
[Source "ChessBase"]
[SourceDate "2013.11.20"]
[SourceVersion "1"]
[SourceVersionDate "2013.11.20"]
[SourceQuality "1"]

1. d4 d5 2. c4 c6 3. Nc3 g6 4. cxd5 cxd5 5. e4 Bg7 6. Be3 Nf6 7. Qd2 h5 8. Nf3 dxe4 9. Ng5 Bf5 10. Bc4 e6 11. 0-0 0-0 12. f3 exf3 13. Nxf3 Nc6 14. Bh6 Qc7 15. Bxg7 Kxg7 16. Ne2 Rad8 17. Ng3 Bg4 18. Qf2 Nh7 19. Ne2 Rfe8 20. Bb5 Rd5 21. Bxc6 bxc6 22. Ne5 Bf5 23. Nf4 Rb5 24. Qg3 Rxb2 25. Nxh5+ Kh8 26. Nf4 Rg8 27. Rac1 Qb6 28. Nxf7+ Kg7 29. Nd6 Qxd4+ 30. Kh1 Nf6 31. Nxf5+ exf5 32. Ne6+ Kf7 33. Nxd4 Rd8 34. Qc7+ Rd7 35. Qe5 Re7 36. Qg3 Ng4 37. Qxg4 1-0

[Event "Ivrea Autumn Cup 23rd"]
[Site "Ivrea"]
[Date "2012.10.13"]
[Round "4"]
[White "Giachino, Adriano"]
[Black "Chiarotto, Filippo"]
[Result "0-1"]
[WhiteElo "1624"]
[BlackElo "2078"]
[PlyCount "62"]
[EventDate "2012.09.22"]
[EventType "swiss"]
[EventRounds "9"]
[EventCountry "ITA"]
[SourceTitle "EXT 2014"]
[Source "ChessBase"]
[SourceDate "2013.11.20"]
[SourceVersion "1"]
[SourceVersionDate "2013.11.20"]
[SourceQuality "1"]

1. e4 c5 2. d4 cxd4 3. c3 dxc3 4. Nxc3 Nc6 5. Nf3 d6 6. Bc4 Nf6 7. Bg5 h6 8. Bxf6 gxf6 9. 0-0 a6 10. Re1 b5 11. Bb3 e6 12. Rc1 Na5 13. Bc2 Bb7 14. b3 Rc8 15. Re3 h5 16. Rd3 b4 17. Ne2 Bxe4 18. Re3 Bxc2 19. Rxc2 Rxc2 20. Qxc2 Qd7 21. Qf5 Nc6 22. Qxf6 Rh6 23. Qf5 Be7 24. Qd3 Qb7 25. Qe4 d5 26. Qf4 Rg6 27. Ne5 Bd6 28. Nxg6 Bxf4 29. Ngxf4 h4 30. Nd3 Ne7 31. Nd4 Qb6 0-1

[Event "Ivrea Eporediese op 29th"]
[Site "Ivrea"]
[Date "2012.02.11"]
[Round "4"]
[White "Giachino, Adriano"]
[Black "Bogatto, Mario"]
[Result "0-1"]
[WhiteElo "1664"]
[BlackElo "1423"]
[PlyCount "90"]
[EventDate "2012.01.26"]
[EventType "swiss"]
[EventRounds "9"]
[EventCountry "ITA"]
[SourceTitle "EXT 2014"]
[Source "ChessBase"]
[SourceDate "2013.11.20"]
[SourceVersion "1"]
[SourceVersionDate "2013.11.20"]
[SourceQuality "1"]

1. e4 g6 2. d4 Bg7 3. Nf3 c6 4. Nc3 d5 5. e5 Nh6 6. Bd3 Bg4 7. Bf4 Nf5 8. Be2 e6 9. Qd2 Bxf3 10. Bxf3 h6 11. g4 Ne7 12. 0-0-0 Ng8 13. h4 Qe7 14. Qe2 b5 15. Bd2 a5 16. Kb1 Nd7 17. Rde1 Nb6 18. b3 Qa7 19. Bc1 b4 20. Nb5 cxb5 21. Qxb5+ Nd7 22. Bb2 Rb8 23. Qd3 a4 24. c4 bxc3 25. Qxc3 axb3 26. a3 Ne7 27. Bd1 Qb7 28. f4 0-0 29. f5 Rbc8 30. Qd3 exf5 31. gxf5 Nxf5 32. e6 fxe6 33. Rxe6 Rf6 34. Qe2 Rxe6 35. Qxe6+ Kh7 36. Rg1 Nf8 37. Qe2 Qe7 38. Qf2 Qe4+ 39. Ka1 Bxd4 40. Bxd4 Qxd4+ 41. Qxd4 Nxd4 42. Re1 Nc2+ 43. Bxc2 bxc2 44. Rc1 d4 45. Kb2 d3 0-1

[Event "Ivrea Autumn 22th"]
[Site "Ivrea"]
[Date "2011.10.29"]
[Round "6"]
[White "Giachino, Adriano"]
[Black "Bozza, Alberto"]
[Result "0-1"]
[WhiteElo "1691"]
[BlackElo "1407"]
[PlyCount "46"]
[EventDate "2011.09.??"]
[EventType "swiss"]
[EventRounds "8"]
[EventCountry "ITA"]
[SourceTitle "EXT 2024"]
[Source "ChessBase"]
[SourceDate "2023.10.10"]
[SourceVersion "1"]
[SourceVersionDate "2023.10.10"]
[SourceQuality "1"]

1. e4 e5 2. Bc4 Nf6 3. d4 exd4 4. Nf3 Bc5 5. e5 Ne4 6. Qd3 f5 7. exf6 Nxf6 8. 0-0 d5 9. Re1+ Be7 10. Bb5+ c6 11. Ba4 Bd7 12. Qxd4 0-0 13. c3 c5 14. Qh4 Bxa4 15. Qxa4 Nbd7 16. Qh4 Re8 17. Ng5 Nf8 18. Nd2 Ng6 19. Qh3 Nf4 20. Qg3 Bd6 21. Rxe8+ Qxe8 22. Qh4 Qe1+ 23. Nf1 Ne2+ 0-1

[Event "Ivrea op 15th"]
[Site "Ivrea"]
[Date "2011.04.01"]
[Round "1"]
[White "Giachino, Adriano"]
[Black "Finocchiaro, Gianluca"]
[Result "0-1"]
[WhiteElo "1707"]
[BlackElo "2132"]
[PlyCount "52"]
[EventDate "2011.04.01"]
[EventType "swiss"]
[EventRounds "5"]
[EventCountry "ITA"]
[SourceTitle "EXT 2024"]
[Source "ChessBase"]
[SourceDate "2023.10.10"]
[SourceVersion "1"]
[SourceVersionDate "2023.10.10"]
[SourceQuality "1"]

1. e4 c5 2. Nf3 d6 3. d4 cxd4 4. Nxd4 Nf6 5. Nc3 g6 6. Be3 Bg7 7. Qd2 0-0 8. Be2 Nc6 9. h3 Bd7 10. f4 Rc8 11. a3 Nxd4 12. Bxd4 Rxc3 13. Bxc3 Nxe4 14. Qe3 Nxc3 15. bxc3 Qa5 16. 0-0 Bxc3 17. Rab1 e5 18. Rxb7 Bd4 19. Qxd4 exd4 20. Rxd7 Qc5 21. Kh1 Qxc2 22. Bf3 Qc5 23. a4 Re8 24. Rb7 d3 25. Rb5 Qe3 26. Rd5 d2 0-1

[Event "Ivrea Eporediese op 28th"]
[Site "Ivrea"]
[Date "2011.02.19"]
[Round "5"]
[White "Bosticardo, Tommaso"]
[Black "Giachino, Adriano"]
[Result "1-0"]
[WhiteElo "1649"]
[BlackElo "1707"]
[PlyCount "75"]
[EventDate "2011.01.27"]
[EventType "swiss"]
[EventRounds "9"]
[EventCountry "ITA"]
[SourceTitle "EXT 2012"]
[Source "ChessBase"]
[SourceDate "2011.11.24"]
[SourceVersion "1"]
[SourceVersionDate "2011.11.24"]
[SourceQuality "1"]

1. d4 d5 2. c4 e6 3. Nc3 Nf6 4. cxd5 exd5 5. Bg5 Be7 6. e3 c6 7. Bd3 Nbd7 8. Qc2 Qb6 9. Nf3 a6 10. 0-0 Nf8 11. Ne5 Qc7 12. Rab1 Ng6 13. f4 0-0 14. Bxf6 Bxf6 15. Nxd5 Qd6 16. Nxf6+ Qxf6 17. b4 Be6 18. a4 Nh4 19. f5 Bc8 20. Rf4 b5 21. a5 Ra7 22. Qf2 Nxf5 23. Bxf5 Bxf5 24. Rxf5 Qe6 25. Nd3 Re7 26. Re5 Qd6 27. Rxe7 Qxe7 28. Nc5 Rd8 29. Nxa6 Rd6 30. Nc5 Rf6 31. Qg3 Qd8 32. Ra1 Rg6 33. Qf2 h5 34. a6 Rf6 35. Qd2 h4 36. a7 Qa8 37. Nd7 Rg6 38. Nb6 1-0

[Event "Biella op 1st"]
[Site "Biella"]
[Date "2010.09.25"]
[Round "2"]
[White "Siclari, Giovanni"]
[Black "Giachino, Adriano"]
[Result "1-0"]
[WhiteElo "1443"]
[BlackElo "1711"]
[PlyCount "69"]
[EventDate "2010.09.24"]
[EventType "swiss"]
[EventRounds "5"]
[EventCountry "ITA"]
[SourceTitle "EXT 2024"]
[Source "ChessBase"]
[SourceDate "2023.10.10"]
[SourceVersion "1"]
[SourceVersionDate "2023.10.10"]
[SourceQuality "1"]

1. f4 d5 2. Nf3 Nf6 3. g3 Nc6 4. Bg2 e6 5. 0-0 Bc5+ 6. d4 Bd6 7. c4 b6 8. Nc3 Bb7 9. Ne5 Ne7 10. e4 dxe4 11. Qe2 Nf5 12. Be3 0-0 13. Rad1 Rc8 14. c5 Be7 15. c6 Ba8 16. Nxe4 Nd5 17. Bf2 f6 18. Nd7 Rf7 19. Nc3 Bxc6 20. Qxe6 Bxd7 21. Qxd5 c6 22. Qb3 Be8 23. Rfe1 Kh8 24. Bh3 Qd7 25. d5 g6 26. d6 Bxd6 27. Ne4 Qc7 28. Bxf5 gxf5 29. Nxd6 Rg7 30. Nxe8 Qb7 31. Nxg7 Qxg7 32. Qe6 Rf8 33. Rd7 Qg6 34. Re7 Qh6 35. Re8 1-0

[Event "Biella op 1st"]
[Site "Biella"]
[Date "2010.09.24"]
[Round "1"]
[White "Giachino, Adriano"]
[Black "Gallucci, Alessio"]
[Result "0-1"]
[WhiteElo "1711"]
[BlackElo "2144"]
[PlyCount "54"]
[EventDate "2010.09.24"]
[EventType "swiss"]
[EventRounds "5"]
[EventCountry "ITA"]
[SourceTitle "EXT 2024"]
[Source "ChessBase"]
[SourceDate "2023.10.10"]
[SourceVersion "1"]
[SourceVersionDate "2023.10.10"]
[SourceQuality "1"]

1. e4 c5 2. Nf3 Nc6 3. d4 cxd4 4. Nxd4 g6 5. Be3 Bg7 6. Nc3 Nf6 7. Be2 0-0 8. Qd2 d5 9. f3 Nxd4 10. Bxd4 dxe4 11. 0-0-0 exf3 12. Bxf3 Qa5 13. Kb1 Rd8 14. Rhe1 Be6 15. Qe3 Rac8 16. a3 b5 17. Bxa7 Rxd1+ 18. Rxd1 Ng4 19. Bxg4 Bxg4 20. Bb6 Qa8 21. Rd2 Bxc3 22. bxc3 Qxa3 23. Rd8+ Rxd8 24. Bxd8 Be6 25. Qg5 Ba2+ 26. Ka1 Bb3+ 27. Kb1 Qa2+ 0-1

[Event "Ivrea op 14th"]
[Site "Ivrea"]
[Date "2010.03.20"]
[Round "5"]
[White "Crepaldi, Marco"]
[Black "Giachino, Adriano"]
[Result "1-0"]
[WhiteElo "1874"]
[BlackElo "1686"]
[PlyCount "87"]
[EventDate "2010.03.19"]
[EventType "swiss"]
[EventRounds "5"]
[EventCountry "ITA"]
[SourceTitle "EXT 2024"]
[Source "ChessBase"]
[SourceDate "2023.10.10"]
[SourceVersion "1"]
[SourceVersionDate "2023.10.10"]
[SourceQuality "1"]

1. e4 e5 2. Nf3 Nc6 3. Bb5 d6 4. d4 Bd7 5. 0-0 a6 6. Bxc6 Bxc6 7. Re1 Nf6 8. Bg5 Be7 9. Nc3 0-0 10. dxe5 Nd7 11. Bxe7 Qxe7 12. exd6 cxd6 13. Qd4 Rac8 14. Rad1 f6 15. Qxd6 Qf7 16. Nd4 Ne5 17. Qe6 Qxe6 18. Nxe6 Rfe8 19. Nf4 Rc7 20. Nd3 Ng6 21. f3 Rce7 22. Nb4 f5 23. Nxc6 bxc6 24. Rd6 Ne5 25. b3 a5 26. Red1 Kf8 27. Rd8 fxe4 28. Nxe4 Nf7 29. Rxe8+ Rxe8 30. Kf2 h6 31. Nd6 Nxd6 32. Rxd6 Rc8 33. c4 Ke7 34. c5 Rc7 35. h4 h5 36. g4 hxg4 37. fxg4 Kf7 38. h5 Kg8 39. Kg3 Re7 40. Rxc6 Re2 41. a4 Rb2 42. Rb6 Rc2 43. c6 Rc3+ 44. Kh4 1-0

[Event "Ivrea op 14th"]
[Site "Ivrea"]
[Date "2010.03.20"]
[Round "4"]
[White "Giachino, Adriano"]
[Black "Combina, Alberto"]
[Result "1-0"]
[WhiteElo "1686"]
[BlackElo "1542"]
[PlyCount "75"]
[EventDate "2010.03.19"]
[EventType "swiss"]
[EventRounds "5"]
[EventCountry "ITA"]
[SourceTitle "EXT 2024"]
[Source "ChessBase"]
[SourceDate "2023.10.10"]
[SourceVersion "1"]
[SourceVersionDate "2023.10.10"]
[SourceQuality "1"]

1. e4 c6 2. d4 d5 3. e5 c5 4. c3 Bf5 5. dxc5 e6 6. Be3 Nc6 7. Nf3 Bg4 8. Be2 Qc7 9. Qa4 Nge7 10. Qxg4 Nxe5 11. Qa4+ N7c6 12. Bf4 f6 13. 0-0 Bxc5 14. Bb5 Bd6 15. Nd4 Ke7 16. Bxe5 Bxe5 17. Nxc6+ bxc6 18. Bxc6 Bxh2+ 19. Kh1 Rab8 20. Nd2 Bd6 21. Nf3 Rxb2 22. Rae1 Kf7 23. Nd4 Be5 24. Bd7 Rb6 25. f4 Bxd4 26. cxd4 Rd8 27. Bb5 Rdb8 28. Bd3 Rb4 29. Qd1 g6 30. f5 exf5 31. Bc2 Rb2 32. Bb3 Qg3 33. Bxd5+ Kg7 34. Re7+ Kh6 35. Qc1+ g5 36. Re3 Qg4 37. Rh3+ Kg6 38. Qc7 1-0

[Event "Ivrea Eporediese op 27th"]
[Site "Ivrea"]
[Date "2010.02.11"]
[Round "4"]
[White "Bellafiore, Enzo"]
[Black "Giachino, Adriano"]
[Result "1-0"]
[WhiteElo "1827"]
[BlackElo "1686"]
[PlyCount "41"]
[EventDate "2010.01.21"]
[EventType "swiss"]
[EventRounds "6"]
[EventCountry "ITA"]
[SourceTitle "EXT 2024"]
[Source "ChessBase"]
[SourceDate "2023.10.10"]
[SourceVersion "1"]
[SourceVersionDate "2023.10.10"]
[SourceQuality "1"]

1. d4 d5 2. c4 e6 3. Nc3 Nf6 4. cxd5 exd5 5. Bg5 Be7 6. Qc2 c5 7. dxc5 Bxc5 8. e3 Nc6 9. Bb5 0-0 10. a3 h6 11. Bxf6 Qxf6 12. Nxd5 Qe5 13. Qxc5 Kh8 14. Qxf8+ Kh7 15. Bd3+ Bf5 16. Bxf5+ Qxf5 17. Qxa8 Qxd5 18. Nf3 Qc4 19. Qxb7 Na5 20. Qb4 Qa6 21. Rc1 1-0

[Event "Ivrea Eporediese op 27th"]
[Site "Ivrea"]
[Date "2010.02.04"]
[Round "3"]
[White "Giachino, Adriano"]
[Black "Bruno, Fabrizio"]
[Result "0-1"]
[WhiteElo "1686"]
[BlackElo "1965"]
[PlyCount "56"]
[EventDate "2010.01.21"]
[EventType "swiss"]
[EventRounds "6"]
[EventCountry "ITA"]
[SourceTitle "EXT 2024"]
[Source "ChessBase"]
[SourceDate "2023.10.10"]
[SourceVersion "1"]
[SourceVersionDate "2023.10.10"]
[SourceQuality "1"]

1. e4 d6 2. d4 Nf6 3. Nc3 g6 4. Be3 c6 5. Be2 Bg7 6. Nf3 Bg4 7. Qd2 Qa5 8. h3 Bxf3 9. Bxf3 b5 10. b3 0-0 11. 0-0-0 Re8 12. g4 Na6 13. Kb1 Rac8 14. h4 c5 15. h5 cxd4 16. Bxd4 e5 17. Be3 Rxc3 18. hxg6 fxg6 19. Bh6 Rec8 20. Bxg7 d5 21. Rde1 Rxb3+ 22. Kc1 Rb1+ 23. Kxb1 Qxd2 24. Bxf6 Qxc2+ 25. Ka1 Nb4 26. Re2 Qc3+ 27. Kb1 Qxf3 28. Rhe1 Qxf6 0-1

[Event "Ivrea Eporediese op 27th"]
[Site "Ivrea"]
[Date "2010.01.21"]
[Round "1"]
[White "Giunto, Andrea"]
[Black "Giachino, Adriano"]
[Result "0-1"]
[WhiteElo "1934"]
[BlackElo "1686"]
[PlyCount "66"]
[EventDate "2010.01.21"]
[EventType "swiss"]
[EventRounds "6"]
[EventCountry "ITA"]
[SourceTitle "EXT 2024"]
[Source "ChessBase"]
[SourceDate "2023.10.10"]
[SourceVersion "1"]
[SourceVersionDate "2023.10.10"]
[SourceQuality "1"]

1. e4 c5 2. Nf3 d6 3. d4 cxd4 4. Nxd4 Nf6 5. Nc3 a6 6. Be3 g6 7. f3 Bg7 8. Qd2 0-0 9. 0-0-0 Re8 10. g4 e6 11. h4 e5 12. Nb3 Nc6 13. h5 Be6 14. hxg6 fxg6 15. Qxd6 Qc8 16. Qd2 Qc7 17. Qd6 Qc8 18. Qd2 Rd8 19. Qe2 Rxd1+ 20. Qxd1 Qc7 21. Be2 Rd8 22. Qg1 Nb4 23. Bb6 Qc8 24. Bxd8 Qxd8 25. Qc5 Bf8 26. Qxe5 Qe7 27. Rd1 Bh6+ 28. Kb1 Bg7 29. Qb8+ Ne8 30. Qd8 Qf7 31. Qd2 a5 32. Nxa5 Bxa2+ 33. Nxa2 Qxa2+ 0-1

[Event "Ivrea Eporediese op 26th"]
[Site "Ivrea"]
[Date "2009.02.12"]
[Round "5"]
[White "Castaldo, Antonio"]
[Black "Giachino, Adriano"]
[Result "0-1"]
[WhiteElo "1753"]
[BlackElo "1706"]
[PlyCount "78"]
[EventDate "2009.01.15"]
[EventType "swiss"]
[EventRounds "9"]
[EventCountry "ITA"]
[SourceTitle "EXT 2011"]
[Source "ChessBase"]
[SourceDate "2010.11.26"]
[SourceVersion "1"]
[SourceVersionDate "2010.11.26"]
[SourceQuality "1"]

1. Nf3 d5 2. g3 c5 3. Bg2 Nf6 4. 0-0 Nc6 5. d3 Bg4 6. Nbd2 e5 7. e4 b5 8. h3 Bh5 9. Re1 d4 10. a4 Rb8 11. axb5 Rxb5 12. Nc4 Be7 13. Bg5 h6 14. g4 Nxg4 15. Bxe7 Qxe7 16. hxg4 Bxg4 17. Qd2 Bxf3 18. Bxf3 h5 19. Na5 Nd8 20. Nb3 Qe6 21. Qg5 Rh6 22. Bxh5 a6 23. Qg4 Qe7 24. Qxg7 Rbb6 25. Qg8+ Kd7 26. Qg4+ Kc7 27. f4 Rbg6 28. Bxg6 Rxg6 29. Qxg6 fxg6 30. Rxa6 Qh4 31. Re2 Nc6 32. Nxc5 exf4 33. Rf2 g5 34. Ne6+ Kb7 35. Ra4 Qg4+ 36. Kf1 Qxe6 37. b4 Qh3+ 38. Kg1 f3 39. Rh2 Qg3+ 0-1

[Event "Ivrea Eporediese op 26th"]
[Site "Ivrea"]
[Date "2009.01.15"]
[Round "1"]
[White "Saccona, Silvano"]
[Black "Giachino, Adriano"]
[Result "1-0"]
[WhiteElo "2198"]
[BlackElo "1706"]
[PlyCount "56"]
[EventDate "2009.01.15"]
[EventType "swiss"]
[EventRounds "9"]
[EventCountry "ITA"]
[SourceTitle "EXT 2011"]
[Source "ChessBase"]
[SourceDate "2010.11.26"]
[SourceVersion "1"]
[SourceVersionDate "2010.11.26"]
[SourceQuality "1"]

1. d4 d5 2. c4 e6 3. Nc3 Nf6 4. Bg5 c5 5. e3 Nc6 6. Nf3 Be7 7. dxc5 Bxc5 8. cxd5 exd5 9. Bxf6 Qxf6 10. Qxd5 Bb4 11. Rc1 Be6 12. Qe4 0-0 13. a3 Bxc3+ 14. Rxc3 Rad8 15. Be2 Rfe8 16. 0-0 Bd5 17. Qc2 Be4 18. Qa4 Rd5 19. Rd1 Qd6 20. Rcc1 Bd3 21. Bxd3 Rxd3 22. Rxd3 Qxd3 23. Rd1 Qf5 24. h3 b5 25. Qa6 Qc2 26. Rd6 Ne7 27. Qxb5 Qc1+ 28. Kh2 Qc7 1-0

[Event "Ivrea op 14th"]
[Site "Ivrea"]
[Date "2008.03.15"]
[Round "3"]
[White "Termini, Luigi Robert"]
[Black "Giachino, Adriano"]
[Result "1-0"]
[WhiteElo "1459"]
[BlackElo "1535"]
[PlyCount "69"]
[EventDate "2008.03.14"]
[EventType "swiss"]
[EventRounds "5"]
[EventCountry "ITA"]
[SourceTitle "EXT 2011"]
[Source "ChessBase"]
[SourceDate "2010.11.26"]
[SourceVersion "1"]
[SourceVersionDate "2010.11.26"]
[SourceQuality "1"]

1. c4 c5 2. Nc3 Nc6 3. Nf3 g6 4. g3 Bg7 5. Bg2 d6 6. 0-0 Bf5 7. Nd5 e5 8. Ne3 Be6 9. d3 Qd7 10. Nd5 Nf6 11. e4 Bh3 12. Bxh3 Qxh3 13. Nc7+ Ke7 14. Nxa8 Rxa8 15. Ng5 Qd7 16. Kg2 Nd4 17. Nf3 Rh8 18. Nxd4 cxd4 19. b4 h5 20. h4 Nh7 21. f4 Bf6 22. f5 Rg8 23. fxg6 Rxg6 24. Qxh5 Nf8 25. Rf5 Ne6 26. Qf3 Qe8 27. h5 Ng5 28. Bxg5 Rxg5 29. Rxf6 Qg8 30. Rf1 Rg7 31. h6 Rh7 32. Qh5 a6 33. a4 Qf8 34. g4 Qg8 35. g5 1-0

[Event "Ivrea Eporediese op 24th"]
[Site "Ivrea"]
[Date "2007.02.22"]
[Round "6"]
[White "Crosa, Federico"]
[Black "Giachino, Adriano"]
[Result "1/2-1/2"]
[WhiteElo "1320"]
[BlackElo "1586"]
[PlyCount "69"]
[EventDate "2007.01.18"]
[EventType "swiss"]
[EventRounds "9"]
[EventCountry "ITA"]
[SourceTitle "EXT 2010"]
[Source "ChessBase"]
[SourceDate "2010.11.25"]
[SourceVersion "1"]
[SourceVersionDate "2010.11.25"]
[SourceQuality "1"]

1. e4 c5 2. Nf3 Nc6 3. d4 cxd4 4. Nxd4 g6 5. Nc3 Bg7 6. Nde2 Nf6 7. Bg5 0-0 8. Qd2 Re8 9. f3 d6 10. 0-0-0 a5 11. g4 Be6 12. h4 Qb6 13. h5 Bxa2 14. hxg6 fxg6 15. Nxa2 Nxe4 16. Qd5+ e6 17. Qxe4 Qxb2+ 18. Kd2 Qxa2 19. Ke1 d5 20. Qf4 Rf8 21. Qh2 Rf7 22. Qxh7+ Kf8 23. Qh2 Qxc2 24. Qd6+ Ne7 25. Bh6 Kg8 26. Bxg7 Kxg7 27. Qe5+ Rf6 28. g5 Raf8 29. gxf6+ Rxf6 30. Nf4 Qf5 31. Qxf5 Rxf5 32. Nxe6+ Kf6 33. Nd4 Rf4 34. Kf2 Ke5 35. Nb5 1/2-1/2